[Event "CZE-ch op"]
[Site "Havlickuv Brod"]
[Date "2015.05.16"]
[Round "1"]
[White "Mlynek, Petr"]
[Black "Holata, Miroslav"]
[Result "1-0"]
[WhiteElo "2208"]
[BlackElo "1724"]
[PlyCount "71"]
[EventDate "2015.05.16"]
[EventType "swiss"]
[EventRounds "9"]
[EventCountry "CZE"]
[SourceTitle "CBM 166 Extra"]
[Source "ChessBase"]
[SourceDate "2015.06.18"]
[SourceVersion "1"]
[SourceVersionDate "2015.06.18"]
[SourceQuality "1"]

1. d4 Nf6 2. c4 g6 3. Nf3 Bg7 4. g3 0-0 5. Bg2 d6 6. 0-0 Nbd7 7. Nc3 c6 8. h3 e5 9. e4 exd4 10. Nxd4 a5 11. Be3 Re8 12. Qc2 Nc5 13. Rad1 a4 14. Nxc6 bxc6 15. Bxc5 Qa5 16. Bxd6 Ra6 17. Rfe1 Be6 18. b3 axb3 19. axb3 Qh5 20. Qe2 Qh6 21. Qe3 Qh5 22. g4 Qa5 23. Na4 Bxc4 24. Nc5 Bb5 25. Nxa6 Qxa6 26. Qc5 Qa2 27. e5 Nd7 28. Qc3 Qa6 29. Rc1 h6 30. Bxc6 Bxc6 31. Qxc6 Qxc6 32. Rxc6 Nxe5 33. Bxe5 Rxe5 34. Rxe5 Bxe5 35. Rc8+ Kg7 36. b4 1-0